000 05411nam a2200433 a 4500
003 CHAP
005 20240612173930.0
007 ta
008 240607s2020 mx ado|fom||| 001 0 spa d
040 _erda
041 0 _aspa
_beng
100 1 _9187560
_aVera Pérez, Gerson Esteban
240 1 0 _aProposal for packaging to reduce enzymatic browning in artichoke (cynara scolymus l.) minimally processed .
_lEspañol
245 1 0 _aPropuesta de empaque para reducir el oscurecimiento enzimático en alcachofa (cynara scolymus l.) mínimamente procesado /
_cGerson Esteban Vera Pérez
264 0 _aChapingo, México :
_bEl autor,
_c2020
300 _a1 recurso en línea (ix, 43 páginas) :
_bilustraciones, tablas, gráficas.diagramas, fotos
336 _2rdacontent
_atexto
_btxt
337 _2rdamedia
_acomputadora
_bc
338 _2rdacarrier
_arecurso en línea
_bcr
502 _aTesis
_bIA
_cAgroindustrias
_d2020
_gLIC
504 _aBibliografía: 31-36 páginas
520 3 _aEn el presente estudio se trataron en inmersión receptáculos pelados de alcachofa, variedad espinoso de sardo, en soluciones con diferentes aditivos químicos: combinación de ácido ascórbico con ácido cítrico 0.03 % (p/v) y 0.01% (p/v) respectivamente, eritorbato de sodio al 0.25% (p/v), extracto de semilla de cítricos al 0.01% p/v, lactato de calcio al 0.5 % p/v y CMC al 1% p/v posteriormente se empacaron en bolsas de polietileno con sellado al vacío. Se evaluó el impacto del empaque, así como el impacto de los tratamientos en inmersión, en la calidad visual de los receptáculos pelados, en específico la apariencia general, diferencia total de color (ΔE), y el cambio de pH; durante 9 días de almacenamiento en refrigeración a 4 ± 0.5 °C tomando mediciones cada 72 horas. Los resultados mostraron que los receptáculos tratados en inmersión con eritorbato de sodio al 0.25 % (p/v) previo al empaque a vacío, tuvieron mejor aceptación general en comparación con los otros tratamientos, también conservaron mejor el color., sin embargo el pH incrementó ligeramente durante el tiempo de evaluación al igual que en la mayoría de los tratamientos, exceptuando a los receptáculos tratados con recubrimiento de carboximetilcelulosa que se mantuvieron estables. El estudio tiene relevancia industrial, ya que el mercado de las frutas y verduras mínimamente procesadas está creciendo de manera importante debido a los cambios actuales en las preferencias del consumidor, por productos que representen beneficios para la salud y que estén listos para el consumo (Yousuf, Shafiq, y Kumar, 2018). Aunado a esto, la alcachofa es considerada un alimento funcional debido a sus propiedades nutraceúticas atribuidas principalmente a tres de sus compuestos; inulina, cinarina y ácido clorogénico (Lattanzio et al., 2009).
520 3 _aIn the present study, peeled artichoke receptacles, sardinian spiny artichoke, were treated in immersion in solutions with different chemical additives: combination of ascorbic acid with citric acid 0.03% (w/v) and 0.01% (w/v) respectively, eritorbate 0.25% sodium (w/v), 0.01% w/v citrus seed extract, 0.5% (w/v) calcium lactate and 1% w/v CMC were subsequently packaged in vacuum-sealed polyethylene bags . The impact of the packaging was evaluated, as well as the impact of the treatments in immersion, in the visual quality of the receptacles, specifically the general appearance, total color difference (ΔE), and the change in pH; during 9 days of storage in refrigeration at 4 ± 0.5 ° C taken measurements every 72 hours. The results showed that the receptacles treated in immersion with 0.25% (w/v) sodium erythorbate prior to vacuum packaging, had better general acceptance compared to the other treatments, also conserved better color, however the pH increased slightly during the evaluation time, as in most of the treatments, except for the carboxymethyl cellulose-coated receptacles that remained stable. The study has industrial relevance, as the market for minimally processed fruits and vegetables is growing significantly due to current changes in consumer preferences for products that represent health benefits and are ready for consumption (Yousuf, Shafiq, y Kumar, 2018). In addition to this, the artichoke is considered a functional food due to its nutraceutical properties attributed mainly to three of its compounds; inulin, cynarin and chlorogenic acid (Lattanzio et al., 2009).
650 1 3 _2agt
_93531
_aAlcachofas
_xCalidad del producto
650 1 3 _2agt
_93531
_aAlcachofas
_xAlmacenamiento bajo atmósfera controlada
650 1 3 _2agt
_93531
_aAlcachofas
_xPardeamiento enzimático
650 1 3 _2agt
_93531
_aAlcachofas
_xEnvase al vacío
650 1 3 _2agt
_9189172
_aBolsas
_xPolietileno
650 1 3 _2agt
_9189171
_aArtichokes
_xProduct quality
650 1 3 _2agt
_9189171
_aArtichokes
_xControlled atmosphere storage
650 1 3 _2agt
_9189171
_aArtichokes
_xEnzymatic browning
650 1 3 _2agt
_9189171
_aArtichokes
_xVacuum packaging
650 1 3 _2agt
_9189173
_aBags
_xPolyethylene
700 1 _9148600
_aMartínez Mosqueda, Francisco
_edirector
700 1 _9149931
_aPérez López, Artemio
_easesor
700 1 _9150304
_aRamírez Sepúlveda, Marco Favio
_easesor
856 4 0 _uhttp://10.13.5.2/tesis/tl/2020_IA_Vera_Perez_GersonEsteban.pdf
_yDESCARGAR PDF
942 _2Clasificación Universidad Autónoma Chapingo
_cTD
999 _c219975
_d219975